|
|
|
|
| LEADER |
00715pam a22002058a 4500 |
| 001 |
00000953 |
| 005 |
20171026081022.0 |
| 008 |
110324s1983 ||||||Viesd |
| 041 |
0 |
# |
|a Vie
|
| 082 |
1 |
4 |
|a 160
|b L450G
|
| 100 |
0 |
# |
|a Hồng Long
|
| 245 |
0 |
0 |
|a Lô Gich biện chứng
|c Hồng Long
|
| 260 |
# |
# |
|a H.
|b Đại học và trung học chuyên nghiệp
|c 1983
|
| 300 |
# |
# |
|c 19 cm.
|a 289 tr.
|
| 653 |
# |
# |
|a Lô gich biện chứng
|a Phạm trù
|a Quy luật khái niệm
|
| 852 |
# |
# |
|b Kho mượn
|j KM.0003602
|
| 852 |
# |
# |
|b Kho đọc
|j KD>0000939
|
| 852 |
# |
# |
|j KM.0003602
|j KD.0000939
|
| 910 |
|
|
|d 24/03/2011
|
| 980 |
# |
# |
|a Trung tâm Học liệu Lê Vũ Hùng, Trường Đại học Đồng Tháp
|